Normal view
MARC view
- تأليف الخوارزمي، أبي القاسم جار الله محمود بن عمر الزمخشري
Entry Personal Name
001 - CONTROL NUMBER
- control field: 26352
003 - CONTROL NUMBER IDENTIFIER
- control field: JO-AjAnu
005 - DATE AND TIME OF LATEST TRANSACTION
- control field: 20230606074506.0
008 - FIXED-LENGTH DATA ELEMENTS
- fixed length control field: 230606|| aca||aabn | a|a d
040 ## - CATALOGING SOURCE
- Original cataloging agency: JO-AjAnu
- Transcribing agency: JO-AjAnu
100 ## - HEADING--PERSONAL NAME
- Personal name: تأليف الخوارزمي، أبي القاسم جار الله محمود بن عمر الزمخشري
670 ## - SOURCE DATA FOUND
- Source citation: Work cat.: (JO-AjAnu)13542: تأليف الخوارزمي، أبي القاسم جار الله محمود بن عمر الزمخشري, author, تفسير الكشاف عن حقائق التنزيل و عيون الاقاويل في وجوه التأويل